| 000 | 01148nam a22003257a 4500 | ||
|---|---|---|---|
| 003 | CHAP | ||
| 005 | 20220329141226.0 | ||
| 008 | 971010s1987 r 00010 d | ||
| 010 | _a64694 | ||
| 011 | _a65666 | ||
| 035 | _a72925 | ||
| 040 | _cCHAP | ||
| 090 | _aTesis | ||
| 100 | 0 | 0 |
_aVega Nevárez, Ramiro. _9118289 |
| 245 | 1 | 0 |
_aControl químico de la maleza en rabanito (Raphanus sativus minor L.) en Chapingo, Méx. _c/por Ramiro Vega Nevárez |
| 260 |
_aChapingo, Méx. : _bEl autor, _c1987 |
||
| 300 | _a40 h. | ||
| 502 | _aTesis (Ing. Agr. Esp. en Parasitología Agrícola) -- UACH. Departamento de Parasitología Agrícola | ||
| 590 |
_aALEPH _b10 _c20130110 _lUCH01 _h1353 |
||
| 590 |
_aBATCH-UPD _b10 _c20130110 _lUCH01 _h0911 |
||
| 590 |
_aBATCH-UPD _b10 _c20130410 _lUCH01 _h0536 |
||
| 590 |
_aBATCH-UPD _b10 _c20130914 _lUCH01 _h1608 |
||
| 590 |
_aCONVERSION _b10 _c20130109 _lUCH01 _h1335 |
||
| 650 | 1 | 4 |
_aHerbicidas. _953691 |
| 650 | 1 | 4 |
_aRábanos _xMalas hierbas _xControl. _997857 |
| 901 | _aBK | ||
| 942 | _cFOLL | ||
| 949 |
_bBC _cTES _d-153917 _eTS1 _h20558 _i72925 _si |
||
| 949 |
_bBC _cTES _d33724000693636 _eTS2 _fc.2 _h20559 _i72925 _si |
||
| 999 |
_c64694 _d64694 |
||